La razón en la historia / (Record no. 78817)

MARC details
000 -LEADER
campo de control de longitud fija 00652nam a2200193 i 4500
001 - NÚMERO DE CONTROL
campo de control 78817
003 - IDENTIFICADOR DE NÚMERO DE CONTROL
campo de control ES-MaACL
005 - FECHA Y HORA DE LA ÚLTIMA TRANSACCIÓN
campo de control 20250913172626.0
007 - CAMPO FIJO DE DESCRIPCIÓN FÍSICA--INFORMACIÓN GENERAL
campo de control de longitud fija t|
008 - DATOS DE LONGITUD FIJA--INFORMACIÓN GENERAL
campo de control de longitud fija 041018s1972 sp ||||1| spa d
100 1# - ENTRADA PRINCIPAL--NOMBRE DE PERSONA
Nombre de persona Hegel, Georg Wilhelm Friedrich.
9 (RLIN) 62316
245 13 - MENCIÓN DEL TÍTULO
Título La razón en la historia /
Mención de responsabilidad, etc. G.W.F. Hegel ; introducción, Antonio Truyol ; [versión, César Armando Gómez].
260 ## - PUBLICACIÓN, DISTRIBUCIÓN, ETC.
Lugar de publicación, distribución, etc. [Madrid] :
Nombre del editor, distribuidor, etc. Seminarios y Ediciones,
Fecha de publicación, distribución, etc. [1972]
300 ## - DESCRIPCIÓN FÍSICA
Extensión 333 p. ;
Dimensiones 18 cm.
700 1# - ENTRADA AGREGADA--NOMBRE PERSONAL
Nombre de persona Truyol y Serra, Antonio,
Fechas asociadas al nombre 1913-2003
9 (RLIN) 111597
700 1# - ENTRADA AGREGADA--NOMBRE PERSONAL
Nombre de persona Gómez, César Armando.
9 (RLIN) 57753
852 ## - LOCALIZACIÓN
Ubicación ES-MaACL
Número de control de estantería C-45357
Sublocalización o colección R.83552
Holdings
Estatus retirado Estado de pérdida Estado de daño No para préstamo Biblioteca de origen Biblioteca actual Ubicación en estantería Fecha de adquisición Fuente de adquisición Total de préstamos Signatura topográfica completa Código de barras Visto por última vez Precio de reemplazo Tipo de ítem Koha
        Biblioteca del Ateneo de Madrid Biblioteca del Ateneo de Madrid Depósito 2 17/01/2008     C-45357 1082430 23/02/2023 23/02/2023 Libro impreso